Stories by Foreign Authors : (Record no. 234760)
[ view plain ]
| 000 -LEADER | |
|---|---|
| fixed length control field | 01205cam a22003013a 4500 |
| 001 - CONTROL NUMBER | |
| control field | 5431 |
| 003 - CONTROL NUMBER IDENTIFIER | |
| control field | PGUSA |
| 005 - DATE AND TIME OF LATEST TRANSACTION | |
| control field | 20140828083120.0 |
| 008 - FIXED-LENGTH DATA ELEMENTS--GENERAL INFORMATION | |
| fixed length control field | 040401s2004||||xxu|||||s|||||000 | eng d |
| 040 ## - CATALOGING SOURCE | |
| Original cataloging agency | PGUSA |
| Language of cataloging | eng |
| 042 ## - AUTHENTICATION CODE | |
| Authentication code | dc |
| 050 #4 - LIBRARY OF CONGRESS CALL NUMBER | |
| Classification number | PT |
| 245 10 - TITLE STATEMENT | |
| Title | Stories by Foreign Authors : |
| Remainder of title | German — Volume 1 |
| Medium | [electronic resource] |
| 260 ## - PUBLICATION, DISTRIBUTION, ETC. (IMPRINT) | |
| Name of publisher, distributor, etc | Project Gutenberg, |
| Date of publication, distribution, etc | 2004 |
| 505 0# - FORMATTED CONTENTS NOTE | |
| Formatted contents note | The fury, Paul Heyse -- The philosopher's pendulum, Rudolph Lindau -- The bookbinder of Hort, Leopold von Sacher-Masoch -- The Egyptian fire-eater, Rudolph Baumbach -- The Cremona violin, E.T.A. Hoffmann -- Adventures of a new year's eve, Heinrich Zschokke |
| 506 ## - RESTRICTIONS ON ACCESS NOTE | |
| Terms governing access | Public domain in the USA. |
| 516 ## - TYPE OF COMPUTER FILE OR DATA NOTE | |
| Type of computer file or data note | Electronic text |
| 653 ## - INDEX TERM--UNCONTROLLED | |
| Uncontrolled term | Short stories, German -- Translations into English |
| 700 1# - ADDED ENTRY--PERSONAL NAME | |
| Personal name | Heyse, Paul, |
| Dates associated with a name | 1830-1914 |
| 700 1# - ADDED ENTRY--PERSONAL NAME | |
| Personal name | Baumbach, Rudolf, |
| Dates associated with a name | 1840-1905 |
| 700 1# - ADDED ENTRY--PERSONAL NAME | |
| Personal name | Lindau, Rudolf, |
| Dates associated with a name | 1829-1910 |
| 700 1# - ADDED ENTRY--PERSONAL NAME | |
| Personal name | Zschokke, Heinrich, |
| Dates associated with a name | 1771-1848 |
| 700 1# - ADDED ENTRY--PERSONAL NAME | |
| Personal name | Hoffmann, E. T. A. |
| Fuller form of name | (Ernst Theodor Amadeus), |
| Dates associated with a name | 1776-1822 |
| 700 1# - ADDED ENTRY--PERSONAL NAME | |
| Personal name | Sacher-Masoch, Leopold, Ritter von, |
| Dates associated with a name | 1836-1895 |
| 830 #0 - SERIES ADDED ENTRY--UNIFORM TITLE | |
| Uniform title | Project Gutenberg |
| Volume number/sequential designation | 5431 |
| 856 40 - ELECTRONIC LOCATION AND ACCESS | |
| Uniform Resource Identifier | <a href="http://www.gutenberg.org/ebooks/5431">http://www.gutenberg.org/ebooks/5431</a> |
| 942 ## - ADDED ENTRY ELEMENTS (KOHA) | |
| Koha item type | eBooks |
| Withdrawn status | Lost status | Damaged status | Home library | Current library | Date acquired | Total Checkouts | Date last seen | Price effective from | Koha item type |
|---|---|---|---|---|---|---|---|---|---|
| Project Gutenberg | Project Gutenberg | 08/28/2014 | 08/28/2014 | 08/28/2014 | eBooks |